000
00325nam a2200133Ia 4500
008
240624s9999 xx 000 0 und d
041
_a
eng
082
_a
658.45 GHO
100
_a
GHOSH MEETA
245
_a
BUSINESS COMMUNICATION SKILLS
260
_c
2012
_a
Delhi
_b
Pearson
300
_a
222 : p. : cm. ; 23
365
_c
RS
_b
30
999
_c
18914
_d
18914